The mill on the floss
Αποθηκεύτηκε σε:
| Κύριος συγγραφέας: | |
|---|---|
| Μορφή: | Βιβλίο |
| Γλώσσα: | English |
| Δημοσίευση: |
[London] :
Longmans,
[1960]
|
| Σειρά: | New method supplementary reader ;
; stage 7 |
| Θέματα: | |
| Ετικέτες: |
Προσθήκη ετικέτας
Δεν υπάρχουν, Καταχωρήστε ετικέτα πρώτοι!
|
MARC
| LEADER | 00000cam a2200000 i 4500 | ||
|---|---|---|---|
| 001 | 1/97695 | ||
| 008 | 081120r19601934 eng d | ||
| 035 | |l 10101815 | ||
| 040 | |a GR-MY-UA |b gre |e aacr | ||
| 041 | 0 | |a eng | |
| 082 | 0 | |a 428.6 |2 (22) | |
| 100 | 1 | |a Eliot, George, |d 1819-1880. | |
| 245 | 1 | 4 | |a The mill on the floss / |c by George Eliot ; simplified and brought within the vocabulary of New Method Reader 7 by Michael West |
| 260 | |a [London] : |b Longmans, |c [1960] | ||
| 300 | |a 159 σ.; |c 18 εκ. | ||
| 490 | 1 | |a New method supplementary reader |v ; stage 7 | |
| 500 | |a "First published 1934" | ||
| 500 | |a "Second impression 1960" | ||
| 650 | 0 | 0 | |a Readers (Primary) |
| 650 | 0 | 0 | |a English language |v Textbooks for foreign speakers. |
| 650 | 0 | 0 | |a Brothers and sisters |x Fiction. |
| 700 | 1 | |4 oth |a West, Michael |q (Michael Philip), |d 1888-1973. | |
| 830 | 0 | |a New method supplementary reader ; |v ; stage 7 | |
| 852 | |a INST |b RHODES |c AKA |e 20081120 |h 428.6 ELI |p 005400031401 |q 005400031401 |t BK |y 0 | ||
| 901 | |a BIBL4-2008-3 | ||
| 909 | |a Ρ |b 156389 | ||
| 970 | |a ΧΑΡΙΟΠΟΛΙΤΟΥ |b ΚΩΝΣΤΑΝΤΙΝΑ |z 2008/11/20 | ||